[Event "EU School-ch U11"]
[Site "Budva"]
[Date "2017.06.16"]
[Round "6"]
[White "Shiliaev, Mark"]
[Black "Nasyrov, Anton"]
[Result "0-1"]
[WhiteElo "1457"]
[BlackElo "1641"]
[PlyCount "68"]
[EventDate "2017.06.11"]
[EventType "swiss"]
[EventRounds "9"]
[EventCountry "MNE"]
[SourceTitle "EXT 2024"]
[Source "ChessBase"]
[SourceDate "2023.10.10"]
[SourceVersion "1"]
[SourceVersionDate "2023.10.10"]
[SourceQuality "1"]

1. e4 c5 2. Nf3 d6 3. d4 cxd4 4. Nxd4 Nf6 5. Nc3 a6 6. Be3 e6 7. Bd3 Be7 8. 0-0 0-0 9. h3 Qc7 10. f4 b5 11. a3 Bb7 12. Qe2 Nbd7 13. Rad1 Nc5 14. Bd2 Qb6 15. Qe3 Nxd3 16. cxd3 d5 17. e5 Bc5 18. Nce2 Nh5 19. b4 Bxd4 20. Qxd4 Qxd4+ 21. Nxd4 g6 22. Nb3 Ng3 23. Rf3 Nf5 24. Nc5 Bc6 25. Bc3 d4 26. Bb2 Bxf3 27. gxf3 a5 28. Nd7 Rfd8 29. Nf6+ Kg7 30. bxa5 Rdc8 31. Ne4 Rc2 32. Bc1 Rxa5 33. Re1 Nh4 34. Rf1 Nxf3+ 0-1